| 000 | 00419nam a2200157 a 4500 | ||
|---|---|---|---|
| 005 | 20140412111326.0 | ||
| 008 | 110128s19uu xx 00 eng d | ||
| 020 | _a0-590-70131-2 | ||
| 050 |
_aTR(GS 371.1 _bL46 1997 |
||
| 100 | _aLetts, Nancy | ||
| 245 |
_aCreating a Caring Classroom / _cNancy Letts. |
||
| 260 |
_aU.S.A : _bScholastic, _c1997. |
||
| 300 | _a96p. | ||
| 440 | _aTeaching strategies | ||
| 999 |
_c104668 _d104668 |
||